Sports Quiz

Random Sports or MLB Quiz
Score 0/41 Timer 05:00
0 Plays Today
Year Pitcher % Correct
2000Pedro Martinez
96.9%
1999Pedro Martinez
96.9%
1998Pedro Martinez
96.9%
1996Roger Clemens
96.9%
1994Roger Clemens
96.9%
1992Roger Clemens
96.9%
1991Roger Clemens
96.9%
1990Roger Clemens
96.9%
1989Roger Clemens
96.9%
1988Roger Clemens
96.9%
1987Roger Clemens
96.9%
1986Roger Clemens
96.9%
2013Jon Lester
94.9%
2012Jon Lester
94.9%
2008Jon Lester
94.9%
2011Josh Beckett
89.1%
2009Josh Beckett
89.1%
2006Josh Beckett
89.1%
2005Tim Wakefield
88.8%
1997Tim Wakefield
88.8%
1995Tim Wakefield
88.8%
Year Pitcher % Correct
2004Curt Schilling
87.1%
2003Derek Lowe
86.4%
2002Derek Lowe
86.4%
1976Luis Tiant
83.7%
2014Clay Buchholz
74.1%
1984Bruce Hurst
71.8%
1982Dennis Eckersley
67.3%
1981Dennis Eckersley
67.3%
1978Dennis Eckersley
67.3%
1985Dennis 'Oil Can' Boyd
66.3%
2010John Lackey
66%
2007Daisuke Matsuzaka
63.6%
1975Bill Lee
63.3%
1980Mike Torrez
51.4%
1979Mike Torrez
51.4%
1983John Tudor
35%
2015Wade Miley
33.8%
2001Hideo Nomo
29.6%
1977Fergie Jenkins
25.9%
1993Danny Darwin
23.1%
Remove Ads.
Support Sporcle.
Get the best of Sporcle when you Go Orange. This ad-free experience offers more features, more stats, and more fun while also helping to support Sporcle. Thank you for becoming a member.

You're not logged in!

Compare scores with friends on all Sporcle quizzes.
OR
Log In

Show Comments

Extras

Top Quizzes Today


Score Distribution

Your Account Isn't Verified!

In order to create a playlist on Sporcle, you need to verify the email address you used during registration. Go to your Sporcle Settings to finish the process.

Report this User

Report this user for behavior that violates our Community Guidelines.

Details: